[Event "GER-chT North U14"]
[Site "Magdeburg"]
[Date "2013.09.14"]
[Round "6.3"]
[White "Meyerfeldt, Tim"]
[Black "Wang, Yang Felix"]
[Result "1-0"]
[WhiteElo "1484"]
[BlackElo "1016"]
[PlyCount "71"]
[EventDate "2013.09.12"]
[EventType "team-swiss"]
[EventRounds "7"]
[EventCountry "GER"]
[SourceTitle "EXT 2014"]
[Source "ChessBase"]
[SourceDate "2013.11.20"]
[SourceVersion "1"]
[SourceVersionDate "2013.11.20"]
[SourceQuality "1"]
[WhiteTeam "Hamburg Eppendorf"]
[BlackTeam "Weisse Dame"]
[WhiteTeamCountry "GER"]
[BlackTeamCountry "GER"]

1. d4 d5 2. Nf3 Nf6 3. c4 e6 4. g3 Bd6 5. Bg2 0-0 6. Nbd2 Nbd7 7. 0-0 c5 8. Qc2 cxd4 9. Nxd4 Re8 10. Rd1 b6 11. cxd5 Nxd5 12. Ne4 Be7 13. Nc6 Qc7 14. Rxd5 Kf8 15. Rd2 Bb7 16. Nxe7 Qxc2 17. Rxc2 Rxe7 18. Be3 f5 19. Nd2 Bxg2 20. Kxg2 Nf6 21. Bg5 Kf7 22. Bxf6 Kxf6 23. Rac1 Rd8 24. Nf3 Rdd7 25. Rc8 h6 26. Rf8+ Kg6 27. Ne5+ Kh7 28. Nxd7 Rxd7 29. Re8 Rd2 30. Rxe6 Rxb2 31. Rc7 Rxa2 32. Ree7 a5 33. Rxg7+ Kh8 34. Rh7+ Kg8 35. Rxh6 b5 36. Rb6 1-0

[Event "GER-chT North U14"]
[Site "Magdeburg"]
[Date "2013.09.13"]
[Round "3.3"]
[White "Laubrock, Paul"]
[Black "Wang, Yang Felix"]
[Result "1-0"]
[WhiteElo "1830"]
[BlackElo "1016"]
[PlyCount "65"]
[EventDate "2013.09.12"]
[EventType "team-swiss"]
[EventRounds "7"]
[EventCountry "GER"]
[SourceTitle "EXT 2014"]
[Source "ChessBase"]
[SourceDate "2013.11.20"]
[SourceVersion "1"]
[SourceVersionDate "2013.11.20"]
[SourceQuality "1"]
[WhiteTeam "Hagen"]
[BlackTeam "Weisse Dame"]
[WhiteTeamCountry "GER"]
[BlackTeamCountry "GER"]

1. d4 d5 2. Bf4 Nc6 3. Nc3 Bf5 4. Qd2 Nf6 5. f3 e6 6. e3 Bd6 7. Nge2 0-0 8. Bxd6 Qxd6 9. Nf4 Nb4 10. Bd3 Nxd3+ 11. cxd3 Rfe8 12. e4 Bg6 13. e5 Qe7 14. exf6 Qxf6 15. Nxg6 Qxg6 16. 0-0 Rac8 17. Rac1 b6 18. Nb5 Re7 19. Nxa7 Ra8 20. Nc6 Ree8 21. Ne5 Qf6 22. Rxc7 Re7 23. Rfc1 Rae8 24. a4 h6 25. b4 Kh7 26. a5 bxa5 27. bxa5 Ra8 28. Qc3 g6 29. Qc5 Rae8 30. a6 Kg7 31. a7 Rxc7 32. Qxc7 Re7 33. a8Q 1-0